New Names of Countries - Statistics

General Stats
  • This quiz has been taken 292 times
  • The average score is 7 of 7
Answer Stats
Former Name New Name % Correct
Burma Myanmar
99%
Macedonia North Macedonia
96%
Swaziland Eswatini
95%
Zaire D.R. Congo
93%
Czech Republic Czechia
92%
British Honduras Belize
89%
Abyssinia Ethiopia
88%
No matching quizzes found
Score Distribution
Percent of People with Each Score
Percentile by Number Answered
Your Score History
You have not taken this quiz